000 00729nam a2200289Ia 4500
008 160321s9999||||xx |||||||||||||| ||und||
040 _cEnglish
082 _aXI.A/Barker
082 _bBORI-66427
100 _aErnest Barker
245 _aBritain and The British People
250 _bThird
260 _bOxford University Press
260 _c1944
300 _a141
300 _cA
300 _ePaperback
530 _u00074726.pdf
563 _aStudy
600 _aErnest Barker
630 _aBritain and The British People
650 _a"Politics, History and Historiography"
650 _aGeneral Indology
700 _aErnest Barker
730 _aBritain and The British People
942 _cBOOK
999 _c1367790
_d1367787